000 00925nam a2200265Ia 4500
003 OSt
005 20221005103437.0
006 a|||||r|||| 00| 0
007 ta
008 221004b |||||||| |||| 00| 0 hin d
020 _a9788189698362 (pbk)
_c140
024 _a109331
037 _b550, 17/03/2011, Eastern Book Linkers
_cTextual
040 _aCRL
_cCRL
_bhin
041 _2hin
_ahin
082 _aQ3, 152P7
100 _aजैन, राजकुमार
245 0 _aजैन धर्म और विश्व - शांति
246 _aJain dharma aur vishva - shāanti
260 _aजयपुर
_bप्राकृत भारती अकादमी भारत
_c2007
300 _a131पृ0
_ccm.
650 _aधर्म
942 _hQ3, 152P7
_cTEXL
_2cc
999 _c1010094
_d1010094